| 000 | 00465nam a2200181Ia 4500 | ||
|---|---|---|---|
| 003 | 0100 | ||
| 008 | 130303s9999 xx 000 0 und d | ||
| 040 | _cARRUPELIB | ||
| 050 | _aBR115.E3W43831993 | ||
| 245 | _aWeber's Protestant ethic | ||
| 245 | _borigins, evidence, contexts | ||
| 260 | _aCambridge | ||
| 260 | _bCambridge UP | ||
| 260 | _C1993 | ||
| 300 | _a397p | ||
| 700 | _aed. by Hartmut Lehmann and Guenther Roth , Lehmann, Hartmut, ed | ||
| 942 | 0 | 0 | _02 |
| 999 |
_c19315 _d19315 |
||